000 00231nam a2200097Ia 4500
001 645902
005 20250826153632.0
008 250824s9999 xx 000 0 und d
245 0 _aHAYLAZ KAVUN
_cROBERT ALLEN
260 _bGENÇ TİMAŞ
999 _c645902
_d645902